Cours supérieur de podologie, (Record no. 38067)

MARC details
000 -LEADER
fixed length control field 00687cam a22002051 4500
001 - CONTROL NUMBER
control field med47000412
003 - CONTROL NUMBER IDENTIFIER
control field DLC
005 - DATE AND TIME OF LATEST TRANSACTION
control field 20260227111559.0
008 - FIXED-LENGTH DATA ELEMENTS--GENERAL INFORMATION
fixed length control field 810815s1944 xx a 000 0 fre
010 ## - LIBRARY OF CONGRESS CONTROL NUMBER
LC control number med47000412
035 ## - SYSTEM CONTROL NUMBER
System control number (OCoLC)14749220
040 ## - CATALOGING SOURCE
Original cataloging agency DLC
Transcribing agency DNLM
Modifying agency DLC
042 ## - AUTHENTICATION CODE
Authentication code premarc
050 00 - LIBRARY OF CONGRESS CALL NUMBER
Classification number RC951
Item number .C6
060 0# - NATIONAL LIBRARY OF MEDICINE CALL NUMBER
Classification number WE 880
Item number C861 1944
245 00 - TITLE STATEMENT
Title Cours supérieur de podologie,
Statement of responsibility, etc. organisé par l'enseignement des hôpitaux libres sous le haut patronage de mm. les ministres de la santé publique et du travail et la présidence de ... René Leriche ...
260 ## - PUBLICATION, DISTRIBUTION, ETC.
Place of publication, distribution, etc. Paris,
Name of publisher, distributor, etc. Vigot,
Date of publication, distribution, etc. 1944.
300 ## - PHYSICAL DESCRIPTION
Extent 179 p.
Other physical details ill.
700 1# - ADDED ENTRY--PERSONAL NAME
Personal name Leriche, René,
Dates associated with a name 1879-1955.

No items available.

Powered by Koha